000
00386nam a2200145Ia 4500
008
200619s9999 xx 000 0 und d
020
_a
8189524357
082
_a
305.56ROD
100
_a
Valerian Rodrigues
245
0
_a
Dalit Bahujan Discourse
264
_a
New Delhi
_b
Critical Quest
_c
2008
300
_a
40
942
_c
IR
999
_c
119646
_d
119646